| 000 | 00472nam a22001817a 4500 | ||
|---|---|---|---|
| 999 |
_c525367 _d525367 |
||
| 003 | NUST | ||
| 020 | _a- | ||
| 038 | _aZafar Malik | ||
| 082 |
_a891.421 _bQAI |
||
| 100 |
_aQaisar, Nazir _916216 |
||
| 245 |
_aQasam Fajar Day Tary Di \ _cNazir, Qaisar |
||
| 260 |
_aLahore : _bZauq Publishers ; _c2005. |
||
| 300 | _a143 p. ; | ||
| 500 | _aHardcover | ||
| 880 |
_6100-02\r _aنزیر قیصر |
||
| 880 |
_6245-02\r _aقسم فجر دے تارے دی |
||
| 942 |
_2ddc _cBK |
||